| 000 | 00849nam a2200217Ia 4500 | ||
|---|---|---|---|
| 003 | IN-BaIIA | ||
| 008 | 211028s9999 xx 000 0 eng d | ||
| 020 | _a0-12-014652-5 | ||
| 040 | _cIIA Library | ||
| 080 |
_a047.1:621.38 _bAEE-52 |
||
| 100 |
_aMorgan, B. L. _914651 |
||
| 111 |
_aSymposium on Photo-Electronic Image DevicesĀ _n7th _cBlackett laboratory,Imperial college,London, _d1978 Sep. 4-8 _914652 |
||
| 245 | 0 |
_aPhoto-electronic image devices _bproceedings of the seventh Symposium on photo-electronic image devices, held at the Blackett Laboratory, Imperial College, London, Sept.ember 4-8, 1978 _cB. L. Morgan And D. Mcmullan |
|
| 260 |
_aNew York _bAcademic Press _c1979 |
||
| 300 | _axv, 532p. | ||
| 650 |
_aElectronics _91576 |
||
| 650 | _aElectrophysics | ||
| 650 | _aNASA Thesaurus | ||
| 700 |
_aMcmullan, D. _914653 |
||
| 942 | _cBK | ||
| 999 |
_c8722 _d8722 |
||